000 00307nam a2200109Ia 4500
008 171211s9999 xx 000 0 und d
245 _aJohn II Komnenos, Emperor of Byzantium
245 _cAlessandra Bucossi
260 _c2016
650 _xBiography
856 _uhttp://down.ebook777.com/060/1472460243.pdf
999 _c349940
_d349940